Statistiques concernant Football Quiz par lettre - L

Cliquez ici pour prendre le quiz!

Statistiques générales

  • Ce quiz a été pris 4 696 fois
  • Le résultat moyen est 14 sur 20

Statistiques - réponses

HintRéponse% Correct
Les "Reds" d'AnfieldLiverpool FC
99%
Nom donné au championnat d'EspagneLiga
96%
Ville où siège la Benfica et le Sporting ClubLisbonne
92%
Ville française où se situe le Stade Bollaert-DelelisLens
91%
Ville belge où joue le StandardLiège
89%
La ville où se trouve le Wembley StadiumLondres
89%
L'équipe rival de l'AS Roma, siégeant dans la même villeS.S.Lazio
86%
Faire passer le ballon par-dessus la tête de l'adversaireLob
85%
Ville où se trouve le Stade de GerlandLyon
80%
La capitaine de cette équipe d'Allmagne en 2014Philipp Lahm
76%
Entraîneur champion du monde avec l'Allemagne en 2014Joachim Löw
72%
Poste défensif qu'occupait Franz BeckenbauerLibéro
67%
Equipe anglaise finaliste de la Champions League 1975Leeds United
57%
Joueur considéré comme le meilleur joueur danois de l'histoireMichael Laudrup
56%
Equipe nationale africaine surnomée "Les Chevaliers de la Méditerranée"Libye
48%
Joueur anglais meilleur buteur de la Coupe du Monde 1986Gary Lineker
46%
Equipe qui a remporter le plus de Coupe de PologneLegia Varsovie
43%
Joueur suédois actuellement meilleur butueur de l'histoire de l'Europa LeagueHenrik Larsson
42%
Surnom de l'équipe nationale du CamerounLes Lions Indomptables
40%
Ville congolaise où joue le TP MazembeLubumbashi
6%

Distribution des résultats

Percentile par nombre de réponses

% des personnes avec chaque résultat

Votre développement - résultats

Vous n’avez pas pris ce quiz